| 000 | 00333nam a2200145Ia 4500 | ||
|---|---|---|---|
| 008 | 230312s9999||||xx |||||||||||||| ||und|| | ||
| 020 | _a0-7817-2508-9 | ||
| 082 |
_a617.15 _bBUC-F |
||
| 100 | _aBucholz;Robert | ||
| 245 | 0 | _aFractures in Adults | |
| 260 |
_blipponcott _aUSA _c2001 |
||
| 300 | _a2262 | ||
| 650 | _aMedical | ||
| 942 | _cBK | ||
| 999 |
_c872 _d872 |
||